Responses for Show #7963 - Wednesday, April 3, 2019

Steven Grade game 6.

Contestants

[<< previous game]

Alex Koral, a regulatory research counsel from Boulder, Colorado

Rose Curtin, an editor and yarn shop clerk from Newport, Kentucky

Steven Grade, a sports industry consultant from Atlanta, Georgia (whose 5-day cash winnings total $115,501)

[next game >>]

Jeopardy! Round responses

THE SWEET SCIENCE OF BOXING
____ OF ____
A VERY VERSATILE TOOL WORD
DUMPLINGS BY ANY OTHER NAME
HABITATS
FOR HUMANITY
    $200 1
Muhammad Ali

Alex
    $200 2
birds of prey

Alex
    $200 26
an axe

Steven
    $200 9
wontons

Alex
    $200 13
the Amazon

Rose
    $200 14
Nobel Prizes

Alex
    $400 6
bobbing

Alex
    $400 3
a crown of thorns

Rose
    $400 27
a level

Alex
    $400 5
ravioli

Steven
    $400 15
sloths

Alex
    $400 19
(Andrew) Carnegie

Alex
    $600 23
bantamweight

Alex
    $1,000 4
the archbishop of Canterbury

Rose
    $600 28
a screwdriver

Steven
    $600 10
a yak

Alex
    $600 16
bison (or buffalo)

Rose
    $600 20
a crash test dummy

Steven
    $800 24
the International Boxing Federation

Rose
    $800 7
milk of magnesia

Alex
    $800 29
knife

Steven
    $800 11
kreplach

Triple Stumper
    $800 17
the tundra

Rose
    $800 21
Marconi

Alex
    $1000 25
Ring magazine

Steven
    $1000 8
the Ring of Fire

Steven
    $1000 30
chisel

Alex
    $1000 12
gyoza

Rose
    $1000 18
termites

Alex
    $1000 22
the mumps

Steven

Scores at the first commercial break (after clue 15):

Steven Rose Alex
$1,400 $2,600 $3,000

Scores at the end of the Jeopardy! Round:

Steven Rose Alex
$5,600 $4,800 $7,200

Double Jeopardy! Round responses

MAY THE SCHWARTZ BE WITH YOU
CITIES ON THE MISSISSIPPI
OLD TIMES
THE SHARED NICKNAME
QUOTES FROM SHAKESPEARE
"AD"-JECTIVES
    $400 6
The Brady Bunch

Rose
    $400 11
New Orleans

Steven
    $400 18
the North Sea

Alex
    $400 19
Bo

Steven
    $400 25
great

Alex
    $400 26
adaptable

Rose
    $800 20
Montreal, Quebec

Triple Stumper
    $800 12
(Rose: What is Springfield?)

Hannibal

RoseAlex
    $800 5
Sparta

Steven
    $800 1
Babe

Rose
    $800 24
(Alex Koral: What is a winter of our discontent?)
[Originally ruled correct; ruled incorrect before Final Jeopardy!]

the winter of our discontent

Alex
Triple Stumper
    $800 30
adept

Alex
    $1200 21
(Rose: What is a neutron?)

neutrino

RoseAlex
    $2,500 13
St. Paul

Alex
    $1200 7
Persia

Steven
    $1200 2
Slim

Rose
    $1200 8
apothecary

Steven
    $1200 29
adamant

Alex
    $1600 22
The Art of the Deal

Alex
    $1600 14
Davenport

Alex
    $1600 16
Ming

Rose
    $1600 3
Iceman

Steven
    $3,800 9
(Steven: What is a dagger?)

a serpent's tooth

Steven
    $1600 28
adjunct

Rose
    $2000 23
Tony Curtis

Alex
    $2000 15
Moline, Illinois

Triple Stumper
    $2000 17
obsidian

Alex
    $2000 4
Slash

Rose
    $2000 10
(Alex Koral: Who is Duncan?)
(Steven: Who is Macduff?)

Malcolm

StevenAlex
Triple Stumper
    $2000 27
adenoidal

Rose

Scores at the end of the Double Jeopardy! Round:

Steven Rose Alex
$5,400 $12,800 $18,900

[wagering suggestions for these scores]

Final Jeopardy! Round responses

INTERNATIONAL AIRPORTS
StevenWho is ?
$5,399
RoseWho is Indira Gandhi?
$12,799
AlexWho is Indira Gandhi?
$7,100
Indira Gandhi

Final scores:

Steven Rose Alex
$1 $25,599 $26,000
3rd place: $1,000 2nd place: $2,000 New champion: $26,000

Game dynamics:

Coryat scores:

Steven Rose Alex
$9,200 $12,400 $17,600
14 R,
2 W
(including 1 DD)
15 R
(including 1 DD),
2 W
25 R
(including 1 DD),
2 W

Combined Coryat: $39,200

[game clues] [game scores] [suggest correction]

Game tape date: 2019-02-05
The J! Archive is created by fans, for fans. Scraping, republication, monetization, and malicious use prohibited; this site may use cookies and collect identifying information. See terms. The Jeopardy! game show and all elements thereof, including but not limited to copyright and trademark thereto, are the property of Jeopardy Productions, Inc. and are protected under law. This website is not affiliated with, sponsored by, or operated by Jeopardy Productions, Inc. Join the discussion at JBoard.tv.